Jogszabály figyelő megjelent az 1985. március 1-től június 30-ig jogszabályokról /

Elmentve itt :
Bibliográfiai részletek
Szerző: Pintér Gyula
Dokumentumtípus: Cikk
Megjelent: Pallas Lap- és Könyvkiadó Vállalat Budapest 1985
Sorozat:Élelmiszervizsgálati közlemények 31 No. 3
Kulcsszavak:Élelmiszerjog - magyar, Élelmiszeripar - Magyarország - jogszabályok
Tárgyszavak:
Online Access:http://acta.bibl.u-szeged.hu/80192
LEADER 00957nab a2200217 i 4500
001 acta80192
005 20230826105419.0
008 230822s1985 hu o 0|| hun d
022 |a 0422-9576 
040 |a SZTE Egyetemi Kiadványok Repozitórium  |b hun 
041 |a hun 
100 1 |a Pintér Gyula 
245 1 0 |a Jogszabály figyelő   |h [elektronikus dokumentum] :  |b megjelent az 1985. március 1-től június 30-ig jogszabályokról /  |c  Pintér Gyula 
260 |a Pallas Lap- és Könyvkiadó Vállalat  |b Budapest  |c 1985 
300 |a 177-182 
490 0 |a Élelmiszervizsgálati közlemények  |v 31 No. 3 
650 4 |a Műszaki és technológiai tudományok 
650 4 |a Egyéb műszaki tudományok és technológiák 
650 4 |a Élelmiszer és italfélék 
695 |a Élelmiszerjog - magyar, Élelmiszeripar - Magyarország - jogszabályok 
856 4 0 |u http://acta.bibl.u-szeged.hu/80192/1/elelmiszervizsgalati_kozlemenyek_1985_03_177-182.pdf  |z Dokumentum-elérés